000 01890nam a2200433Ia 4500
001 ebr10451113
003 CaPaEBR
006 m u
007 cr cn|||||||||
008 910730s1991 wiu sb s001 0 eng d
010 _z 91028997
020 _z029913170X (cloth)
020 _z9780299131708
040 _aCaPaEBR
_cCaPaEBR
035 _a(OCoLC)706078541
050 1 4 _aZ722.5
_b.B58 1991eb
082 0 4 _a027.032
_220
100 1 _aBlum, Rudolf,
_d1909-
240 1 0 _aKallimachos und die Literaturverzeichnung bei den Griechen.
_lEnglish
245 1 0 _aKallimachos
_h[electronic resource] :
_bthe Alexandrian Library and the origins of bibliography /
_cRudolf Blum ; translated from the German by Hans H. Wellisch.
260 _aMadison, Wis. :
_bUniversity of Wisconsin Press,
_cc1991.
300 _aix, 282 p.
490 1 _aWisconsin studies in classics
500 _aTranslation of: Kallimachos und die Literaturverzeichnung bei den Griechen.
504 _aIncludes bibliographical references (p. 248-262) and indexes.
533 _aElectronic reproduction.
_bPalo Alto, Calif. :
_cebrary,
_d2011.
_nAvailable via World Wide Web.
_nAccess may be limited to ebrary affiliated libraries.
600 0 0 _aCallimachus
_xInfluence.
600 0 0 _aCallimachus
_xKnowledge
_xLibrary science.
610 2 0 _aAlexandrian Library.
650 0 _aBibliography
_zEgypt
_zAlexandria
_xHistory.
650 0 _aCataloging
_zEgypt
_zAlexandria
_xHistory.
650 0 _aGreek literature
_xBibliography
_xMethodology.
650 0 _aLibraries
_zEgypt
_zAlexandria
_xHistory
_yTo 400.
651 0 _aGreece
_xBibliography
_xMethodology.
655 7 _aElectronic books.
_2local
710 2 _aebrary, Inc.
830 0 _aWisconsin studies in classics.
856 4 0 _uhttp://site.ebrary.com/lib/rucke/Doc?id=10451113
_zAn electronic book accessible through the World Wide Web; click to view
999 _c249539
_d249539